Statistics for Taylor Swift Charting Songs (Billboard Hot Rock / Alt)

Click here to take the quiz!

General Stats

  • This quiz has been taken 14 times
    (3 since last reset)
  • The average score is 21 of 28

Answer Stats

AlbumWeeks OnPeakArtist(s)Song% Correct
folklore26 Weeks#1Taylor Swiftcardigan
100%
folklore9 Weeks#11Taylor Swiftepiphany
100%
folklore26 Weeks#2Taylor Swift ft. Bon Iverexile
100%
folklore20 Weeks#5Taylor Swiftaugust
100%
folklore16 Weeks#6Taylor Swiftmirrorball
100%
folklore15 Weeks#7Taylor Swiftseven
100%
evermore10 Weeks#14Taylor Swiftlong story short
100%
evermore10 Weeks#12Taylor Swift ft. The NationalConey Island
100%
evermore18 Weeks#1Taylor Swiftwillow
100%
evermore10 Weeks#10Taylor Swift ft. Bon Iverevermore
100%
evermore5 Weeks#17Taylor Swiftclosure
67%
evermore7 Weeks#16Taylor Swiftmarjorie
67%
evermore8 Weeks#15Taylor Swiftcowboy like me
67%
folklore9 Weeks#14Taylor Swifthoax
67%
evermore7 Weeks#13Taylor Swiftdorothea
67%
folklore10 Weeks#12Taylor Swiftpeace
67%
folklore12 Weeks#10Taylor Swiftmad woman
67%
evermore13 Weeks#11Taylor Swiftivy
67%
evermore (Deluxe Edition)4 Weeks#10Taylor Swiftright where you left me
67%
evermore (Deluxe Edition)4 Weeks#9Taylor Swiftit's time to go
67%
evermore10 Weeks#9Taylor Swifthappiness
67%
evermore15 Weeks#7Taylor Swiftgold rush
67%
evermore13 Weeks#6Taylor Swift'tis the damn season
67%
evermore17 Weeks#3Taylor Swiftchampagne problems
67%
folklore20 Weeks#3Taylor Swiftmy tears ricochet
67%
Women in Music Pt. III2 Weeks#21HAIM ft. Taylor SwiftGasoline
67%
folklore14 Weeks#9Taylor Swiftthis is me trying
33%
evermore14 Weeks#8Taylor Swifttolerate it
33%

Score Distribution

Percentile by Number Answered

Percent of People with Each Score

Your Score History

You have not taken this quiz since the last reset